Tratado práctico de derecho del trabajo (Registro nro. 3507)
[ vista simple ]
| 000 -LEADER | |
|---|---|
| fixed length control field | 01891 a2200217 4500 |
| 001 - CONTROL NUMBER | |
| control field | 41437 |
| 005 - DATE AND TIME OF LATEST TRANSACTION | |
| control field | 20260407155708.0 |
| 008 - FIXED-LENGTH DATA ELEMENTS--GENERAL INFORMATION | |
| fixed length control field | 260407a1968 arg spa d |
| 003 - CONTROL NUMBER IDENTIFIER | |
| control field | AR-UNSa-BCEJYS |
| 040 ## - CATALOGING SOURCE | |
| Original cataloging agency | AR-UNSa-BCEJYS |
| Language of cataloging | spa |
| Transcribing agency | AR-UNSa-BCEJYS |
| 080 ## - UNIVERSAL DECIMAL CLASSIFICATION NUMBER | |
| Universal Decimal Classification number | 349.2 |
| Common auxiliary subdivision | Derecho del Trabajo |
| 041 ## - LANGUAGE CODE | |
| Language code of text/sound track or separate title | spa |
| 100 1# - MAIN ENTRY--PERSONAL NAME | |
| Personal name | Krotoschin, Ernesto |
| 245 10 - TITLE STATEMENT | |
| Title | Tratado práctico de derecho del trabajo |
| 250 ## - EDITION STATEMENT | |
| Edition statement | 2a. ed. |
| 264 #1 - PRODUCTION, PUBLICATION, DISTRIBUTION, MANUFACTURE, AND COPYRIGHT NOTICE | |
| Place of production, publication, distribution, manufacture | Buenos Aires : |
| Name of producer, publisher, distributor, manufacturer | Ediciones Depalma |
| Date of production, publication, distribution, manufacture, or copyright notice | 1968 |
| 300 ## - PHYSICAL DESCRIPTION | |
| Extent | 2 v. (601 ; 492 p.) |
| Dimensions | 24 cm. |
| 505 ## - FORMATTED CONTENTS NOTE | |
| Formatted contents note | Vol. I. Parte Primera: Aspectos generales de derecho del trabajo. 1. Ideas fundamentales - 2. Evolución histórica del derecho del trabajo - 3. Las fuentes de derecho del trabajo - 4. La interpretación del derecho del trabajo - 5. La aplicación del derecho del trabajo en el espacio y en el tiempo - 6. Los sujetos del derecho del trabajo - Parte Segunda: El contrato individual de trabajo. 1. Realización del contrato de trabajo - 2. El desenvolvimiento del contrato de trabajo - 3. Transferencia y extinción del contrato de trabajo - 4. Contratos de trabajo especiales -- Vol. II: Parte tercera: El derecho colectivo del trabajo. 1. El derecho de las asociaciones profesionales - 2. El derecho de las convenciones colectivas de trabajo - 3. El derecho material de los conflictos colectivos de trabajo - Parte Cuarta: Organización y reglamentación administrativas del trabajo. 1. Organismos y servicios del trabajo - 2. Normas reglamentarias del trabajo (Normas de protección específica) - Parte Quinta: Derecho procesal del trabajo. 1. Los conflictos individuales de trabajo (Jurisdicción del trabajo) - 2. Los conflictos colectivos de trabajo (procedimientos de conciliación y de arbitraje extrajudiciales) - Parte Sexta: El derecho del trabajo en el plano internacional y mundial |
| 590 ## - LOCAL NOTE (RLIN) | |
| Local note | niveau_biblio:m niveau_hierar:0 |
| 942 ## - ADDED ENTRY ELEMENTS (KOHA) | |
| Koha item type | |
| Withdrawn status | Lost status | Damaged status | Not for loan | Home library | Current library | Shelving location | Date acquired | Total checkouts | Full call number | Barcode | Date last seen | Price effective from | Koha item type |
|---|---|---|---|---|---|---|---|---|---|---|---|---|---|
| Biblioteca Prof. Eusebio Cleto del Rey | Biblioteca Prof. Eusebio Cleto del Rey | 07/04/2026 | 349.2 K93 v.1 2ed | L21603 | 07/04/2026 | 07/04/2026 | Libro | ||||||
| Biblioteca Prof. Eusebio Cleto del Rey | Biblioteca Prof. Eusebio Cleto del Rey | 07/04/2026 | 349.2 K93 v.2 2ed | L21604 | 07/04/2026 | 07/04/2026 | Libro |